000 00655nam a2200217Ia 4500
003 GCL
008 140319s9999 xx 000 0 ara d
020 _a4026208977
040 _aGCL /
_cGCL
082 0 4 _aط
_b793.732
_bر ن
100 1 _aراجى عنايت
245 1 0 _aنزهة الاذكياء : متعة لا تنتهى للصغار والكبار 1 /
_cراجى عنايت
250 _aالاولى
260 _aالقاهرة :
_bدار الشروق ،
_c1995
300 _a79 ص ؛
_c12 سم
490 _a
650 0 4 _aالترفيه
650 0 4 _aالتسالى
650 0 4 _aالكلمات المتقاطعة
942 _2ddc
_cBK
999 _c45076
_d45076